Rejection of Plaint & Return of Plaint/ (Record no. 612982)
[ view plain ]
| 000 -LEADER | |
|---|---|
| fixed length control field | 00359nam a22001337a 4500 |
| 082 ## - DEWEY DECIMAL CLASSIFICATION NUMBER | |
| Classification number | 346.05 |
| Author Mark | TUN |
| 100 ## - MAIN ENTRY--PERSONAL NAME | |
| Personal name | Tunio, Mansoor Irshad |
| 245 ## - TITLE STATEMENT | |
| Title | Rejection of Plaint & Return of Plaint/ |
| Statement of responsibility, etc. | Mansoor Irshad Tunio. |
| 260 ## - PUBLICATION, DISTRIBUTION, ETC. | |
| Place of publication, distribution, etc. | Lahore: |
| Name of publisher, distributor, etc. | Loard Law Book House, |
| Date of publication, distribution, etc. | 2024. |
| 300 ## - PHYSICAL DESCRIPTION | |
| Extent | 414p. : |
| 563 ## - BINDING INFORMATION | |
| Binding note | HB |
| 650 ## - SUBJECT ADDED ENTRY--TOPICAL TERM | |
| Topical term or geographic name entry element | Law |
| 942 ## - ADDED ENTRY ELEMENTS (KOHA) | |
| Source of classification or shelving scheme | |
| Koha item type | Book |
| 650 ## - SUBJECT ADDED ENTRY--TOPICAL TERM | |
| -- | 35302 |
| Withdrawn status | Lost status | Source of classification or shelving scheme | Damaged status | Not for loan | Permanent Location | Current Location | Date acquired | Total Checkouts | Full call number | Barcode | Date last seen | Price effective from | Koha item type |
|---|---|---|---|---|---|---|---|---|---|---|---|---|---|
| NUST Law School (NLS) | NUST Law School (NLS) | 02/27/2025 | 346.05 TUN | NLS-118 | 02/27/2025 | 02/27/2025 | Book | ||||||
| NUST Law School (NLS) | NUST Law School (NLS) | 02/27/2025 | 346.05 TUN | NLS-119 | 02/27/2025 | 02/27/2025 | Book | ||||||
| NUST Law School (NLS) | NUST Law School (NLS) | 02/27/2025 | 346.05 TUN | NLS-120 | 02/27/2025 | 02/27/2025 | Book | ||||||
| NUST Law School (NLS) | NUST Law School (NLS) | 06/25/2025 | 346.05 TUN | NLS-1730 | 06/25/2025 | 06/25/2025 | Book | ||||||
| NUST Law School (NLS) | NUST Law School (NLS) | 06/25/2025 | 346.05 TUN | NLS-1731 | 06/25/2025 | 06/25/2025 | Book | ||||||
| NUST Law School (NLS) | NUST Law School (NLS) | 06/25/2025 | 346.05 TUN | NLS-1732 | 06/25/2025 | 06/25/2025 | Book |
